| 000 | 01702nab a2200265 i 4500 | ||
|---|---|---|---|
| 001 | BPP | ||
| 003 | BPK | ||
| 005 | 20180215121246.0 | ||
| 008 | 140711s2004 pl f |000 0 eng | ||
| 040 | _cBPK | ||
| 041 |
_aeng _bpol |
||
| 044 | _aPOL | ||
| 080 | _a621.9 | ||
| 100 |
_aMAKUCH, Sławomir Jacek. _bPolitechnika Koszalińska - Wydział Mechaniczny, _cKatedra Mechaniki Precyzyjnej |
||
| 245 |
_aChosen problems of modelling the polishing surface process with the application of flexible grinding tools = _bWybrane zagadnienia modelowania procesu wygładzania powierzchni podatnymi narzędziami ściernymi / _cSławomir Makuch. |
||
| 260 | _c2004. | ||
| 500 | _aDane z autopsji. | ||
| 520 | _aW artykule omówiono proces wygładzania powierzchni ziarnami ściernymi umieszczonymi na podatnym nośniku. Uwzględniona została typowa cecha podatnych narzędzi ściernych polegająca na zmianie wzajemnego położenia ziaren podczas obróbki. Wygładzanie narzędziami ściernymi o porowatych spoiwach elastycznych jest wydajnym sposobem obróbki zarówno powierzchni płaskich jak i kształtowych. W artykule zaprezentowano wyniki symulacji matematycznych obciążenia ostrzy i procesu kształtowania obrabianej powierzchni. | ||
| 650 | 0 | _aMateriały ścierne. | |
| 650 | 0 | _aSzlifowanie - narzędzia i maszyny. | |
| 655 | 0 | _aMateriały konferencyjne. | |
| 773 |
_iW : _tScientific Book of the Department of Mechanical Engineering = Zeszyty Naukowe Wydziału Mechanicznego Politechniki Koszalińskiej. - _g2004, nr 33, s. 211-218 |
||
| 711 |
_aNaukowe Seminarium Polsko-Francuskie nt. Nowoczesne techniki i technologie _d(2004 ; _cKoszalin, Polska). |
||
| 942 |
_cART _2UKD |
||
| 999 |
_c4792 _d4792 |
||